|
|
|
|
| LEADER |
00000ngm a2200000 a 4500 |
| 001 |
vtls008302807 |
| 003 |
SK-MaSNL |
| 005 |
20260302003538.0 |
| 007 |
vd cvaizs |
| 008 |
051013s2005 xo 100 g s vlcze |
| 028 |
4 |
2 |
|a 99074
|b Intersonic
|
| 040 |
|
|
|a SNK
|b slo
|c SNK
|e AACR2
|
| 041 |
0 |
|
|a cze
|
| 044 |
|
|
|a xo
|c SK
|
| 072 |
|
7 |
|a 791
|x Film. Cirkus. Ľudová zábava
|2 konspekt
|
| 080 |
|
|
|a 791.221.2(44)
|2 2001
|
| 080 |
|
|
|a (0.034.44)
|2 2001
|
| 130 |
3 |
|
|a Le gendarme et les extra-terrestres
|l Česky
|9 642396
|
| 245 |
1 |
0 |
|a Četník a mimozemšťané
|h videozáznam
|c [réžia] Jean Girault
|
| 260 |
|
|
|a Bratislava
|b Intersonic
|c [2005]
|
| 300 |
|
|
|a 1 videodisk (100 min.)
|b fareb., zvuk.
|
| 490 |
1 |
|
|a Nejlepší komedie století
|
| 500 |
|
|
|a Zvuk Dolby Digital, obraz PAL 16:9
|
| 500 |
|
|
|a DVD obsahuje originálny český dabing Františka Filipovského + české titulky, trailery
|
| 650 |
0 |
7 |
|a filmová komédia
|2 SNKPH
|9 73961
|
| 650 |
0 |
7 |
|a filmy
|2 SNKPH
|9 3250
|
| 655 |
|
7 |
|a DVD
|2 SNKPH
|9 70751
|
| 700 |
1 |
|
|a Girault, Jean,
|d 1924-1982
|4 drt
|9 306916
|
| 830 |
|
0 |
|a Nejlepší komedie století
|9 306918
|
| 999 |
|
|
|c 992425
|d 994355
|
| 952 |
|
|
|a SNK
|b SNK
|y PREZ
|7 0
|p 17A0485627
|o snkSDVD 40
|i snk2005/17012
|8 0
|0 0
|1 0
|4 0
|d 2005-10-13
|l 0
|r 2026-02-24 11:53:42
|w 2026-02-24
|